Los herederos de Zapata: movimientos campesinos posrevolucionarios en México 1920-1980

Պահպանված է:
Մատենագիտական մանրամասներ
Հիմնական հեղինակ: Bartra, Armando (Հեղինակ)
Ձևաչափ: Գիրք
Լեզու:իսպաներեն
Հրապարակվել է: Ciudad de México Era 1985
Շարք:Problemas de México, 40
Խորագրեր:
Ցուցիչներ: Ավելացրեք ցուցիչ
Չկան պիտակներ, Եղեք առաջինը, ով նշում է այս գրառումը!

MARC

LEADER 00000nam a2200000 a 4500
001 UCX1778
003 CL-VaPUC
008 901030e19850000MX |||||||||||||||||spa|d
082 0 4 |a 972.08  |b BAR  |2 21 
100 0 |a Bartra, Armando  |e author  |9 317461 
245 1 4 |a Los herederos de Zapata: movimientos campesinos posrevolucionarios en México 1920-1980 
300 |a 164 p 
942 |c BK 
945 |d 19901030 00:00:00 
260 |a Ciudad de México  |b Era  |c 1985 
650 7 |a CAMPESINOS  |2 CL-VaPUC  |9 315355 
650 7 |a HISTORIA 1920-1980  |2 CL-VaPUC  |9 317462 
651 0 |a México  |9 255269 
583 |a last modification  |c 19901030 00:00:00  |k Rodrigo Vera 
490 0 |a Problemas de México, 40 
999 |c 222942  |d 222940 
952 |0 0  |1 0  |4 0  |6 972_080000000000000_BAR_1985  |7 0  |8 A  |9 218267  |a BIBHIS  |b BIBHIS  |d 2019-11-15  |i 2871025  |o 972.08 BAR 1985  |p 2871025  |r 2025-01-20  |w 2019-11-15  |y BK  |k HIS